Statistiques concernant QCM - Choses par 5

Cliquez ici pour prendre le quiz!

Statistiques générales

  • Ce quiz a été pris 269 fois
  • Le résultat moyen est 35 sur 45

Statistiques - réponses

QuestionTuileSelect% Correct
Les 5 sensLa conscienceNon
100%
Les 5 sensLa foiNon
100%
Les 5 sensLa perceptionNon
100%
Les 5 sensLa vueOui
100%
Les 5 sensLe sentimentNon
100%
Les 5 sensLe toucherOui
100%
Les 5 sensL'odoratOui
100%
Les 5 sensL'ouïeOui
100%
Les 5 sensLe goûtOui
99%
Les 5 doigts de la mainAnnulaireOui
98%
Les 5 doigts de la mainArticulaireNon
98%
Les 5 doigts de la mainDistaleNon
98%
Les 5 doigts de la mainIndexOui
98%
Les 5 doigts de la mainMajeurOui
98%
Les 5 doigts de la mainPhalangeNon
98%
Les 5 doigts de la mainPouceOui
98%
Les 5 doigts de la mainAuriculaireOui
96%
Les 5 doigts de la mainMineurNon
96%
Les 5 membres de l'équipe Mystère et CompagnieAli AvacadosNon
85%
Les 5 membres de l'équipe Mystère et CompagnieDaphné BlakeOui
85%
Les 5 membres de l'équipe Mystère et CompagnieFred JonesOui
85%
Les 5 membres de l'équipe Mystère et CompagnieSammy RogersOui
85%
Les 5 membres de l'équipe Mystère et CompagnieVéra DinkleyOui
84%
Les 5 membres de l'équipe Mystère et CompagnieBlue FalconNon
83%
les 5 mots issus du chiffre 5PentecôteNon
83%
Les 5 membres de l'équipe Mystère et CompagnieProfesseur PériclèsNon
83%
Les 5 membres de l'équipe Mystère et CompagnieScooby-DooOui
83%
Les 5 membres de l'équipe Mystère et CompagnieScrappy-DooNon
83%
les 5 mots issus du chiffre 5QuinteOui
82%
les 5 mots issus du chiffre 5PentagoneOui
81%
Les 5 séries possédant 5 saisonsBreaking BadOui
74%
les 5 mots issus du chiffre 5PentagrammeOui
74%
Les 5 séries possédant 5 saisonsDarkNon
62%
Les 5 séries possédant 5 saisonsLe Bureau des LégendesOui
62%
Les 5 séries possédant 5 saisonsFriendsNon
60%
les 5 mots issus du chiffre 5PentacaleNon
60%
Les 5 séries possédant 5 saisonsPerson of InterestOui
51%
Les 5 séries possédant 5 saisonsLa Quatrième DimensionOui
41%
Les 5 séries possédant 5 saisonsSix Pieds Sous TerreOui
38%
les 5 mots issus du chiffre 5QuincentupleNon
35%
Les 5 séries possédant 5 saisonsSherlockNon
35%
les 5 mots issus du chiffre 5QuintalNon
33%
les 5 mots issus du chiffre 5QuintessenceOui
33%
les 5 mots issus du chiffre 5QuinconceOui
30%
Les 5 séries possédant 5 saisonsPeacky BlindersNon
23%

Distribution des résultats

Percentile par nombre de réponses

% des personnes avec chaque résultat

Votre développement - résultats

Vous n’avez pas pris ce quiz